000 00511nam a2200181Ia 4500
005 20250923144714.0
008 008 250917s9999 xx 000 0 eng d
037 _aTextual
040 _aDSWL
_beng
_cDSWL
041 _aeng
_2eng
084 _qDSWL
100 _aAhluwalia, G.
_9827570
245 0 _aStudy of 100 women visiters to Viney Nagarfamily planning clinic
_cby G. Ahluwalia
260 _aDelhi
_bDelhi
_c1960
300 _av,61,xp.
942 _cTEXL
999 _c1442291
_d1442291